| 000 | 01013cab a22002175a 4500 | ||
|---|---|---|---|
| 001 | L141645 | ||
| 008 | 071207e20071130xxk f 000 0 eng d | ||
| 035 | _a(Sirsi) u141645 | ||
| 041 | 0 | _aeng | |
| 100 | 1 | _aFarmer, Mark | |
| 245 | 0 | 4 | _aThe cost of luxury |
| 260 | _c2007 | ||
| 490 |
_aProperty Week _v72(48) 30 November 2007, 60(1) |
||
| 520 | _aConsiders the perceived recent emergence of a prime London property market. Argues that the market has always existed and has recently grown stronger owing to an increase in land values. Land scarcity is also driving the conversion market. Predicts a decline in the sales growth of the prime market as high construction costs are less significantly offset by land values. | ||
| 590 | _aKA | ||
| 651 | 4 | _aLondon | |
| 690 | _aBUILT ENVIRONMENT-CONSTRUCTION MANAGEMENT-CONSTRUCTION VALUE MANAGEMENT | ||
| 690 | _aENVIRONMENTAL AND LAND CONSULTANCY-PLANNING AND DEVELOPMENT | ||
| 690 | _aPROPERTY-RESIDENTIAL PROPERTY-RESIDENTIAL PROPERTY MARKET | ||
| 942 | _n0 | ||
| 999 |
_c79556 _d79556 |
||